| 000 | 00780nam a2200253Ia 4500 | ||
|---|---|---|---|
| 003 | OSt | ||
| 005 | 20221005133659.0 | ||
| 006 | a|||||r|||| 00| 0 | ||
| 007 | ta | ||
| 008 | 221004b |||||||| |||| 00| 0 pan d | ||
| 020 |
_a8173291500 (hbk) _c150 |
||
| 024 | _a88834 | ||
| 037 |
_b485, 09/03/2007, Manpreet Parkashan _cTextual |
||
| 040 |
_aCRL _cCRL _bpan |
||
| 041 |
_2pan _apan |
||
| 082 | _aO153,1x, P5 | ||
| 100 | _aਅਮੀਆ ਕੁੰਵਰ, ਥਦ। | ||
| 245 | 0 | _aਅੱਖਰਾਂ ਦੀ ਜਾਈ | |
| 260 | _c2005 | ||
| 300 |
_a143ਪੰ _ccm. |
||
| 650 | _aਪੰਜਾਬੀ ਸਾਹਿਤ | ||
| 942 |
_hO153,1x, P5 _cTEXL _2cc |
||
| 999 |
_c1067530 _d1067530 |
||